书目信息 |
| 题名: |
生命周期评价方法与实践
|
|
| 作者: | 谢明辉 , 李雪迎 , 乔琦 编著 | |
| 分册: | ||
| 出版信息: | 北京 化学工业出版社 2025.01 |
|
| 页数: | 365页, [5] 页图版 | |
| 开本: | 26cm | |
| 丛书名: | 工业污染源控制与管理丛书 | |
| 单 册: | ||
| 中图分类: | X322 | |
| 科图分类: | ||
| 主题词: | 工业污染防治--gong ye wu ran fang zhi--研究 | |
| 电子资源: | ||
| ISBN: | 978-7-122-42838-7 | |
| 000 | 01524nam 2200313 450 | |
| 001 | 93451 | |
| 005 | 20250819092119.74 | |
| 010 | @a978-7-122-42838-7@dCNY168.00 | |
| 100 | @a20241204d2025 em y0chiy50 ea | |
| 101 | 0 | @achi |
| 102 | @aCN@b110000 | |
| 105 | @aakf z 001yy | |
| 106 | @ar | |
| 200 | 1 | @a生命周期评价方法与实践@Asheng ming zhou qi ping jia fang fa yu shi jian@d= Life cycle assessment methods & practices@f谢明辉, 李雪迎, 乔琦等编著@zeng |
| 210 | @a北京@c化学工业出版社@d2025.01 | |
| 215 | @a365页, [5] 页图版@c图@d26cm | |
| 225 | 2 | @a工业污染源控制与管理丛书@Agong ye wu ran yuan kong zhi yu guan li cong shu |
| 300 | @a国家出版基金项目 “十四五”国家重点出版物出版规划项目 | |
| 320 | @a有索引 | |
| 330 | @a本书以生命周期评价方法的本地化应用发展为主线, 主要介绍了生命周期评价的来源、定义、发展趋势, 以及国内外的主要影响评价方法和货币化方法, 并以2017年为基准年, 基于终点损害类评价方法构建了我国本地化的终点损害类生命周期环境影响评价模型 ; 重点选取具有代表性的太阳能电池行业、风电行业、建筑行业、新能源汽车行业、各类包装行业以及包装物处理处置技术进行了生命周期评价的案例分析, 针对评价结果给出了相应的行业发展建议。 | |
| 410 | 0 | @12001 @a工业污染源控制与管理丛书 |
| 510 | 1 | @aLife cycle assessment methods & practices@zeng |
| 606 | 0 | @a工业污染防治@Agong ye wu ran fang zhi@x研究 |
| 690 | @aX322@v5 | |
| 701 | 0 | @a谢明辉@Axie ming hui@4编著 |
| 701 | 0 | @a李雪迎@Ali xue ying@4编著 |
| 701 | 0 | @a乔琦@Aqiao qi@4编著 |
| 801 | 0 | @aCN@c20250909 |
| 905 | @a河南城建学院图书馆@dX322@eX450@f1 | |
| 生命周期评价方法与实践= Life cycle assessment methods & practices/谢明辉, 李雪迎, 乔琦等编著.-北京:化学工业出版社,2025.01 |
| 365页, [5] 页图版:图;26cm.-(工业污染源控制与管理丛书) |
| 国家出版基金项目 “十四五”国家重点出版物出版规划项目 |
| ISBN 978-7-122-42838-7:CNY168.00 |
| 本书以生命周期评价方法的本地化应用发展为主线, 主要介绍了生命周期评价的来源、定义、发展趋势, 以及国内外的主要影响评价方法和货币化方法, 并以2017年为基准年, 基于终点损害类评价方法构建了我国本地化的终点损害类生命周期环境影响评价模型 ; 重点选取具有代表性的太阳能电池行业、风电行业、建筑行业、新能源汽车行业、各类包装行业以及包装物处理处置技术进行了生命周期评价的案例分析, 针对评价结果给出了相应的行业发展建议。 |
| ● |
| 相关链接 |
|
|
|
正题名:生命周期评价方法与实践
索取号:X322/X450
 
预约/预借
| 序号 | 登录号 | 条形码 | 馆藏地/架位号 | 状态 | 备注 |
| 1 | 1627409 | 216274092 | 自科库501/501自科库 66排6列1层/ [索取号:X322/X450] | 在馆 |